THARSIS CITY : (Record no. 169843)
[ view plain ]
| 000 -LEADER | |
|---|---|
| fixed length control field | 01443nam a22003257i 4500 |
| 003 - CONTROL NUMBER IDENTIFIER | |
| control field | PPAK |
| 005 - DATE AND TIME OF LATEST TRANSACTION | |
| control field | 20181014154025.0 |
| 007 - PHYSICAL DESCRIPTION FIXED FIELD--GENERAL INFORMATION | |
| fixed length control field | ta |
| 008 - FIXED-LENGTH DATA ELEMENTS--GENERAL INFORMATION | |
| fixed length control field | 181014t2018 my a|||c |||| 00| 1beng d |
| 020 ## - INTERNATIONAL STANDARD BOOK NUMBER | |
| International Standard Book Number | 9781496548214 |
| Terms of availability | RM113.60 |
| Qualifying information | hardback |
| 040 ## - CATALOGING SOURCE | |
| Original cataloging agency | PPAK |
| Language of cataloging | eng |
| Transcribing agency | PPAK |
| Description conventions | rda |
| 082 04 - DEWEY DECIMAL CLASSIFICATION NUMBER | |
| Edition number | 23 |
| Classification number | 823 |
| 090 00 - LOCALLY ASSIGNED LC-TYPE CALL NUMBER (OCLC); LOCAL CALL NUMBER (RLIN) | |
| Classification number (OCLC) (R) ; Classification number, CALL (RLIN) (NR) | 823 |
| Feature heading | COL |
| Feature heading | K |
| 100 1# - MAIN ENTRY--PERSONAL NAME | |
| Personal name | Collins A.L. |
| Dates associated with a name | 1964- |
| Relator term | author. |
| 245 10 - TITLE STATEMENT | |
| Title | THARSIS CITY : |
| Remainder of title | THE WONDER OF MARS / |
| Statement of responsibility, etc. | BY A.L. COLLINS ; ILLUSTRATED BY TOMISLAV TIKULIN |
| 264 #1 - PRODUCTION, PUBLICATION, DISTRIBUTION, MANUFACTURE, AND COPYRIGHT NOTICE | |
| Place of production, publication, distribution, manufacture | North Mankato, Minnesota : |
| Name of producer, publisher, distributor, manufacturer | Stone Arch Books, a Capstone imprint, |
| Date of production, publication, distribution, manufacture, or copyright notice | [2018?] |
| Date of production, publication, distribution, manufacture, or copyright notice | © 2018 |
| 300 ## - PHYSICAL DESCRIPTION | |
| Extent | 122 pages : |
| Other physical details | colour illustrations ; |
| Dimensions | 20 cm |
| 336 ## - CONTENT TYPE | |
| Source | rdacontent |
| Content type term | text |
| 337 ## - MEDIA TYPE | |
| Source | rdamedia |
| Media type term | unmediated |
| 338 ## - CARRIER TYPE | |
| Source | rdacarrier |
| Carrier type term | volume |
| 490 1# - SERIES STATEMENT | |
| Series statement | SCI-FINITY REDWORLD |
| 520 ## - SUMMARY, ETC. | |
| Summary, etc. | Now in seventh grade Belle Song has settled into her life on Mars; she has a new baby sister, her android Melody, her wolfdog Raider, and her friends, the human Lucas, and the Nabian, Taal--but when she and Taal uncover some ancient ruins which the Nabians claim are a sacred site, Belle finds herself plunged into a tricky world of extraterrestrial politics and religion that threatens her relationship with Taal. |
| 521 ## - TARGET AUDIENCE NOTE | |
| Target audience note | Elementary and junior high school |
| 650 10 - SUBJECT ADDED ENTRY--TOPICAL TERM | |
| Topical term or geographic name entry element | Children's stories, English |
| Topical term or geographic name entry element | English fiction |
| 700 ## - ADDED ENTRY--PERSONAL NAME | |
| Personal name | Tikulin, Tomislav, |
| Relator term | illustrator. |
| 830 #0 - SERIES ADDED ENTRY--UNIFORM TITLE | |
| Uniform title | Sci-finity Redworld |
| 942 ## - ADDED ENTRY ELEMENTS (KOHA) | |
| Source of classification or shelving scheme | Dewey Decimal Classification |
| Koha item type | Book |
| Withdrawn | Not for loan | Current library | Shelving location | Date acquired | Total Checkouts | Full call number | Barcode | Date last seen | Date last checked out | Koha item type | Total Renewals |
|---|---|---|---|---|---|---|---|---|---|---|---|
| Perpustakaan Alor Setar | Pinjaman Kanak-kanak | 23/10/2018 | 3 | K 823 COL | A01582501 | 10/11/2025 | 21/10/2025 | Book | |||
| Perpustakaan Alor Setar | Pinjaman Kanak-kanak | 23/10/2018 | 7 | K 823 COL | A01582502 | 23/05/2024 | 04/05/2024 | Book | 1 | ||
| Perpustakaan Awam Sungai Petani | Pinjaman Kanak-kanak | 23/10/2018 | 4 | K 823 COL | A01582503 | 19/07/2025 | 28/06/2025 | Book | |||
| Perpustakaan Jitra | Pinjaman Kanak-kanak | 23/10/2018 | K 823 COL | A01582504 | 23/10/2018 | Book | |||||
| Perpustakaan Kulim | Pinjaman Kanak-kanak | 23/10/2018 | 4 | K 823 COL | A01582506 | 04/02/2024 | 17/01/2024 | Book | |||
| Perpustakaan Langkawi | Pinjaman Kanak-kanak | 23/10/2018 | K 823 COL | A01582505 | 23/10/2018 | Book |